| 000 -LEADER |
| fixed length control field |
00633cam a22001337a 4500 |
| 008 - FIXED-LENGTH DATA ELEMENTS--GENERAL INFORMATION |
| fixed length control field |
180718b1973 xxu||||| |||| 00| 0 eng d |
| 082 ## - DEWEY DECIMAL CLASSIFICATION NUMBER |
| Classification number |
W54x5441 G949 |
| 245 ## - TITLE STATEMENT |
| Title |
Reports of the Committees to study the developmental requirements of Gujarat Ports and the administrative set up of Ports organisation |
| Statement of responsibility, etc. |
by Public Works Department, Gujarat |
| 260 ## - PUBLICATION, DISTRIBUTION, ETC. |
| Place of publication, distribution, etc. |
Gandhinagar |
| Name of publisher, distributor, etc. |
Public Works Department |
| Date of publication, distribution, etc. |
1973 |
| 300 ## - PHYSICAL DESCRIPTION |
| Extent |
245+p. |
| 500 ## - GENERAL NOTE |
| General note |
Chairman: H.M. Trivedi |
| 700 ## - ADDED ENTRY--PERSONAL NAME |
| Personal name |
Trivedi, H.M. (Chairman) |
| 700 ## - ADDED ENTRY--PERSONAL NAME |
| Personal name |
Gujarat. Committee to study the developmental requirements of Gujarat Ports and the administrative set up of Ports Organisation |